Score 0/20 Timer 08:00
0 Plays Today
Candidates % Correct
Mark Wright
95.9%
Bianca Miller
86.5%
Daniel Lassman
86.5%
James Hill
86.5%
Solomon Akhtar
81.1%
Roisin Hogan
79.7%
Sanjay Sood Smith
75.7%
Felipe Alviar Baquero
74.3%
Sarah Dales
73%
Steven Ugoalah
73%
Candidates % Correct
Katie Bulmer Cooke
66.2%
Lauren Riley
64.9%
Scott McCulloch
60.8%
Pamela Uddin
58.1%
Ella Jade Bitton
56.8%
Robert Goodwin
56.8%
Chiles Cartwright
55.4%
Jemma Bird
54.1%
Lindsay Booth
48.6%
Nurun Ahmed
45.9%
Remove Ads.
Support Sporcle.
Get the best of Sporcle when you Go Orange. This ad-free experience offers more features, more stats, and more fun while also helping to support Sporcle. Thank you for becoming a member.

You're not logged in!

Compare scores with friends on all Sporcle quizzes.
OR
Log In

Show Comments

Extras

Top Quizzes Today


Score Distribution

Your Account Isn't Verified!

In order to create a playlist on Sporcle, you need to verify the email address you used during registration. Go to your Sporcle Settings to finish the process.

Report this User

Report this user for behavior that violates our Community Guidelines.

Details: